Introducing groundwater (Record no. 41054)

MARC details
000 -LEADER
fixed length control field 00521nam a2200205Ia 4500
082 ## - DEWEY DECIMAL CLASSIFICATION NUMBER
Classification number 556.3
Item number PRI
100 ## - MAIN ENTRY--AUTHOR NAME
Personal name Price, Michael
245 #0 - TITLE STATEMENT
Title Introducing groundwater
250 ## - EDITION STATEMENT
Edition statement Ed.2
260 ## - PUBLICATION, DISTRIBUTION, ETC. (IMPRINT)
Place of publication London
Name of publisher Chapman & Hall
Year of publication 1996
650 ## - SUBJECT ADDED ENTRY--TOPICAL TERM
Topical Term Capillaries
650 ## - SUBJECT ADDED ENTRY--TOPICAL TERM
Topical Term Caverns
650 ## - SUBJECT ADDED ENTRY--TOPICAL TERM
Topical Term Geological measurements
650 ## - SUBJECT ADDED ENTRY--TOPICAL TERM
Topical Term Hydraulic measurements
650 ## - SUBJECT ADDED ENTRY--TOPICAL TERM
Topical Term Hydrological measurements
650 ## - SUBJECT ADDED ENTRY--TOPICAL TERM
Topical Term Soil water
650 ## - SUBJECT ADDED ENTRY--TOPICAL TERM
Topical Term Water quality
942 ## - ADDED ENTRY ELEMENTS (KOHA)
Koha item type Books
Holdings
Withdrawn status Lost status Damaged status Not for loan Home library Current library Date acquired Cost, normal purchase price Full call number Accession Number Koha item type
        RRII Library RRII Library 16/12/2021 14.99 556.3 PRI 21346 Books